Indoor air quality: a guide for facility managers / (Record no. 599640)
[ view plain ]
| 000 -LEADER | |
|---|---|
| fixed length control field | 00296nam a2200109Ia 4500 |
| 008 - FIXED-LENGTH DATA ELEMENTS--GENERAL INFORMATION | |
| fixed length control field | 230907s9999||||xx |||||||||||||| ||und|| |
| 082 ## - DEWEY DECIMAL CLASSIFICATION NUMBER | |
| Classification number | 697 |
| Author Mark | BAS |
| 100 ## - MAIN ENTRY--PERSONAL NAME | |
| Personal name | Bas, Ed |
| 9 (RLIN) | 115793 |
| 245 ## - TITLE STATEMENT | |
| Title | Indoor air quality: a guide for facility managers / |
| Statement of responsibility, etc. | Ed Bas. |
| 260 ## - PUBLICATION, DISTRIBUTION, ETC. | |
| Date of publication, distribution, etc. | 2019-09-27 |
| 942 ## - ADDED ENTRY ELEMENTS (KOHA) | |
| Source of classification or shelving scheme | |
| Koha item type | E-Books |
| Withdrawn status | Lost status | Source of classification or shelving scheme | Damaged status | Not for loan | Permanent Location | Current Location | Date acquired | Total Checkouts | Full call number | Barcode | Date last seen | Price effective from | Koha item type |
|---|---|---|---|---|---|---|---|---|---|---|---|---|---|
| US-Pakistan Center for Advanced Studies in Energy (USPCAS-E) | US-Pakistan Center for Advanced Studies in Energy (USPCAS-E) | 09/19/2023 | 697 BAS | CAS-E0003739 | 09/19/2023 | 09/19/2023 | E-Books |
